000 01355nam a22003617a 4500
003 CHAP
005 20220329140744.0
008 971013s1995 r 00010 d
010 _a57133
011 _a58105
035 _a62260
040 _cCHAP
090 _aTesis
100 0 0 _aRodríguez Gómez, Martiniano.
_998559
245 _aDescripción y análisis del programa especial de producción de maíz en el Distrito de Desarrollo Rural III Texcoco, Edo. de México ciclos agrícolas P. V. 1991 - 1994
260 _aChapingo, Méx. :
_bEl autor,
_c1995
300 _a135 h.
502 _aTesis (Ing. Agr. Esp. en Fitotecnia) -- UACH. Departamento de Fitotecnia
590 _aALEPH
_b10
_c20130110
_lUCH01
_h1335
590 _aBATCH-UPD
_b10
_c20130110
_lUCH01
_h0735
590 _aBATCH-UPD
_b10
_c20130110
_lUCH01
_h2348
590 _aBATCH-UPD
_b10
_c20130410
_lUCH01
_h0418
590 _aBATCH-UPD
_b10
_c20130914
_lUCH01
_h1107
590 _aCONVERSION
_b10
_c20130109
_lUCH01
_h1331
650 1 4 _aDistrito de Desarrollo Rural Texcoco, Méx.
_932816
650 1 4 _aMaíz
_xRendimiento.
_971051
650 1 4 _aMaíz
_zMéxico (Edo.).
_971099
700 0 _aCruz Torres, Rosa María de la.
_929616
901 _aBK
942 _cFOLL
949 _bBC
_cTES
_d-133464
_eTS1
_h28447
_i62260
_si
949 _bBC
_cTES
_d33724000087870
_eTS2
_fc.2
_h28448
_i62260
_si
999 _c57133
_d57133